000 01977cam a22005294i 4500
003 PE-LiUPU
005 20250731165518.0
008 191107s2019 pe a rb 000 0 spa d
020 _a6124778092
020 _a9786124778094
035 _a(Sirsi) a252678
040 _aPE-LiUPU
_bspa
_cPE-LiUPU
_erda
049 _aPRUA
082 0 4 _a001.42
_bA88
_220
100 1 _aAuris Villegas, David,
_eautor.
245 1 0 _aCómo redactar actículos científicos :
_b(guía para escribir y publicar artículos científicos) /
_cDavid Auris Villegas.
250 _aSegunda edición.
264 1 _aLima :
_bAurisEduca,
_c2019.
300 _a120 páginas :
_bilustraciones ;
_c22 centímetros
336 _atext
_2rdacontent
337 _aunmediated
_2rdamedia
338 _avolume
_2rdacarrier
504 _aBibliografía: páginas 106-111.
505 0 _aArtículo científico o paper fundamento teórico de la redacción científica -- Aspectos gramaticales de la redacción -- Redacción del artículo científico (IMRYD) -- Publicación del artículo científico -- Aspectos finales.
526 _aSEG44
526 _aSEG26
526 _aP151
526 _aP150
526 _aP149
526 _aP146
526 _aP145
526 _aP126
526 _aP125
526 _aP92
526 _aP75
526 _aP74
526 _aP27
526 _aP15
541 _g004-000262;
650 0 7 _aRedacción de escritos técnicos
_vMetodología.
650 0 7 _aInvestigación
_xMetodología
_vManuales.
910 _adbm
_bncf
_cncf
_d20191107
942 _2ddc
_cBOOK
994 _aC0
_bPEPRU
596 _a1
999 _a001.42 A88
_wLC
_c31907
_i80827
_d31907
_e2019-11-18
_f2021-11-4
_g3
_lCCODEBUL1
_mBUL
_n1
_p5.09
_r0
_sY
_tBOOK
_u2019-11-7
_xBIBLIOTECA
_zTO-MENCIÓN
_0COMPRA
_1FCOMPR4
_o.STAFF. Colección Ciencias Humanas y Educación
980 _81
_gALBERTO SANCHEZ Responsable de Automatización